000 00655nam a2200277Ia 4500
005 20260324124944.0
008 008 260324s9999 xx 000 0 eng d
020 _a9780203881873
037 _aEBOOK
040 _aCRL
040 _beng
040 _cCRL
041 _2eng
041 _aeng
084 _qCRL
100 _aBarry Rubin
_91167269
245 0 _aConflict and Insurgency in the Contemporary Middle East
260 _bTaylor and Francis
260 _c2009
365 _a
365 _b240
856 _uhttp://www.taylorfrancis.com/books/9780203881873
942 _cEBOOK
999 _c1770974
_d1770974